[Event "Croatian junior league 2021"]
[Site "Rabac"]
[Date "2021.04.11"]
[Round "11.5"]
[White "Novosel, Marko"]
[Black "Jakrlin, Mihael"]
[Result "1-0"]
[WhiteElo "2130"]
[BlackElo "2106"]
[Annotator "TA"]
[PlyCount "167"]
[EventDate "2021.04.06"]
[EventType "swiss"]
[EventCountry "CRO"]
[SourceTitle "playchess.com"]
[Source "ChessBase"]
[SourceQuality "1"]

{[%evp 14,167,35,44,80,7,51,51,54,47,54,56,58,27,20,20,31,22,25,21,12,25,33,24,41,-38,-52,-40,-34,-10,-11,-33,-29,-29,4,-68,-45,-56,-71,-89,97,87,261,236,158,157,180,0,70,70,219,155,918,0,0,0,0,0,0,0,33,33,73,71,80,37,66,0,63,53,91,91,170,170,192,192,187,197,166,159,165,68,375,369,347,325,291,179,331,114,278,217,467,372,482,424,434,442,435,435,430,443,434,431,429,403,683,656,1470,711,1132,1108,1213,1292,12776,5535,5081,1462,996,947,11750,1582,1544,1085,11932,4627,29972,29974,29973,29974,29974,29972,29972,3299,29974,29975,29973,29972,29993,29994,29994,29995,29995,29979,29979,29976,29979,29981,29981,29982,29982,29983,29983,29984,29984,29983]} 1. e4 c5 2. Nc3 Nc6 3. Bb5 g6 4. Bxc6 dxc6 5. f4 Bg7 6. Nf3 Nf6 7. O-O O-O 8. d3 Re8 {[#] B21: Sicilian: 2 f4 and Morra Gambit.} 9. Ne2 $146 (9. a4 $16) ({Predecessor:} 9. Qe1 b6 10. Kh1 Nd7 11. f5 e6 12. fxg6 fxg6 13. e5 Rf8 14. Bg5 Qc7 15. Qg3 Bxe5 16. Nxe5 Rxf1+ 17. Rxf1 Qxe5 {1-0 (30) Berkvens,J (2431)-Kuipers,S (2318) Netherlands 2008}) 9... b6 10. Ng3 a5 {White is slightly better.} 11. h3 a4 12. Rb1 Qc7 13. Ne5 Rd8 14. Qf3 Ne8 15. Nc4 b5 16. Ne3 e6 17. f5 exf5 18. exf5 Nd6 19. f6 (19. Bd2 $14) 19... Bf8 $1 $15 20. Ng4 Be6 21. Nh6+ Kh8 22. Bf4 c4 23. Rbe1 Bd5 24. Qg4 (24. Qf2 $1 $11) 24... Re8 25. Kh1 cxd3 26. cxd3 Qa5 $2 {[#]} (26... Bxa2 $6 27. Re7 $11) (26... Rxe1 $17 {keeps the pressure on.} 27. Rxe1 Bxa2) 27. Re7 $16 {Hoping for Qh4.} Qd8 $2 ({Not} 27... Bxe7 $2 28. fxe7 Rxe7 29. Qg5 $18) (27... Bxa2 $2 28. Bxd6 Bxh6 29. Qh4 $18) (27... Rxe7 $2 28. fxe7 Bxh6 29. Bxd6 $18) (27... a3 $16) (27... a3 28. Ne4) 28. Bxd6 $18 Bxh6 {[#]} 29. Rfe1 $1 Rg8 30. Bf4 (30. Rd7 $1 $18 {[%cal Rd7d8]} Qa5 31. Bb4) 30... Bf8 (30... Bxf4 $11 31. Qxf4 g5) 31. Qh4 $14 {And now Ne4 would win.} Qc8 (31... Bxg2+ $14 32. Kxg2 Qd5+ 33. Ne4 g5 34. Bxg5 Bxe7 35. fxe7 f6 {[%mdl 64] Pin}) 32. Ne4 Qf5 (32... Bxe4 $16 33. R1xe4 (33. R7xe4 Qf5 $14) 33... g5 34. Bxg5 Qf5) 33. Nd6 $2 (33. Ng5 $18 Qxg5 34. Bxg5) 33... g5 $11 {[%mdl 64] Double Attack} 34. Nxf5 $40 {[%mdl 128] White attacks.} gxh4 35. Nxh4 Bxe7 36. fxe7 {Strongly threatening Be5+.} f6 37. a3 {[%mdl 1024] White has compensation.} h5 38. Re2 c5 39. Kg1 Kh7 40. Kf2 ({Better is} 40. Nf5 $14) 40... Rae8 (40... c4 $11) 41. g3 $1 $14 b4 42. Nf5 $1 Bc6 {[#]} (42... bxa3 $16 {was necessary.} 43. bxa3 c4) 43. Nd6 $1 $18 Ra8 44. Be3 bxa3 45. bxa3 Ra5 46. Bd2 Raa8 {[#]} 47. Bc3 (47. Re6 $1 $18) 47... Kg6 $2 {[%mdl 8192]} (47... Rab8 $1 $14) 48. Re6 Be8 49. h4 Kh7 50. Bxf6 Bg6 $2 (50... Ra6 {might work better.}) 51. Re5 $2 (51. Be5 $18 {is more deadly.}) 51... Rgb8 $2 (51... Ra6 $16 52. e8=Q Bxe8 53. Nxe8 Rxe8 {[%mdl 64] Remove Defender} 54. Rxe8 Rxf6+ 55. Ke2 Rb6) 52. Ke3 ({But not} 52. Rxc5 $6 Rb3 $18) 52... Be8 $2 (52... Ra6 53. e8=N Bxe8 {[%mdl 64] Remove Defender}) 53. Rxc5 Kg6 54. Bg5 Rb6 55. Nxe8 Rxe8 {[%mdl 4096] Endgame KRR-KRB} 56. Ra5 Rb3 57. Rxa4 Kf7 58. Ke4 Rb1 59. Rd4 Re1+ (59... Ke6 $142 60. Rd8 Re1+ 61. Kf3 Kf7) 60. Kd5 Rd1 61. Kd6 (61. Rf4+ $142 Kg8 62. d4) 61... Ra8 62. Rf4+ Kg7 63. Rf8 Rxd3+ 64. Kc7 Rdxa3 65. e8=Q (65. Bf6+ $142 Kg6 66. Bd4) 65... Rxe8 66. Rxe8 Rxg3 {KRB-KR} 67. Re6 Rd3 68. Rd6 Rh3 69. Kd7 Rh1 70. Ke7 Re1+ 71. Re6 Rh1 72. Re2 Rf1 73. Be3 (73. Ke6 $142 Kg6 74. Be7 Kh6 75. Bf6 Rb1 76. Kf7 Rb7+ 77. Re7 Rb6 78. Re6) 73... Rh1 74. Rg2+ {White mates.} Kh7 75. Bg5 Kg7 76. Bf6+ Kh7 77. Kf7 Rf1 78. Rd2 Rc1 79. Ke6 Kg6 80. Rg2+ Kh7 81. Rg7+ Kh6 82. Bg5+ Kxg7 83. Bxc1 Kg6 84. Ke5 {Weighted Error Value: White=0.35/Black=0.54} 1-0

[Event "Croatian junior league 2021"]
[Site "Rabac"]
[Date "2021.04.11"]
[Round "11.6"]
[White "Troselj, Ivan"]
[Black "Klapac, Patrik"]
[Result "1-0"]
[WhiteElo "1962"]
[BlackElo "1780"]
[Annotator "TA"]
[PlyCount "71"]
[EventDate "2021.04.06"]
[EventType "swiss"]
[EventCountry "CRO"]
[SourceTitle "playchess.com"]
[Source "ChessBase"]
[SourceQuality "1"]

{[%evp 17,71,23,34,37,66,44,56,53,57,48,114,120,113,103,222,211,244,245,233,213,204,187,187,64,68,58,71,15,17,13,83,91,83,83,291,296,294,291,270,251,276,286,465,267,326,326,383,382,377,355,829,824,764,738,5210,5206]} 1. e4 c5 2. c3 d6 3. d4 cxd4 4. cxd4 Nf6 5. Nc3 g6 6. Nf3 Bg7 7. h3 O-O 8. Be2 a6 9. O-O b5 10. e5 {B22: Sicilian: 2 c3.} dxe5 11. dxe5 Qxd1 12. Rxd1 {White is slightly better.} Nfd7 13. Nd5 e6 (13... Nc6 $14) 14. Ne7+ $16 Kh8 {[#]} 15. Bf4 $146 ({Predecessor:} 15. Nxc8 Rxc8 16. Bf4 Ra7 17. Rd6 h6 18. Rad1 Rac7 19. b3 Kg8 20. a4 Bf8 21. R6d2 bxa4 22. bxa4 {½-½ (42) Staengle,W (1407)-Dorsch,B (1659) Ellwangen 2001}) 15... Bb7 (15... Ra7 $16) 16. Rac1 $18 Nb6 17. Rc7 Nd5 18. Nxd5 Bxd5 19. Ng5 $1 Kg8 {[#]} 20. Bf3 (20. Rxd5 $1 $18 {[%mdl 512]} exd5 21. Bf3) 20... Bxf3 $1 $14 21. Nxf3 a5 22. Be3 (22. Rc5 $16) 22... Na6 $11 23. Rb7 b4 (23... Rfb8 $11 {remains equal.} 24. Rbd7 Nb4) 24. Rdd7 $36 {[%mdl 2048] White is really pushing.} h6 25. Ra7 a4 $2 {[#] This move loses the game for Black.} (25... Rxa7 $16 26. Rxa7 Nb8) 26. Rxf7 $3 $18 {[%mdl 512]} Rxa7 27. Rxa7 Nb8 28. Bc5 Rd8 29. Bd6 {Hoping for Nd4.} ({Much less strong is} 29. Bxb4 $6 Nc6 $18) 29... b3 $2 (29... Bf8 {was necessary.} 30. Rxa4 Bxd6) 30. Rxa4 (30. axb3 $142 Bf8 31. Bxf8 Kxf8 32. bxa4) 30... bxa2 31. Rxa2 Nd7 32. b4 Bf8 33. Ra6 Bxd6 $2 (33... Nb8) 34. Rxd6 {White is clearly winning.} Kf7 35. Nd4 Ke7 36. Nc6+ {[%mdl 64] Double Attack.  Weighted Error Value: White=0.21/Black=0.42} 1-0

[Event "Croatian junior league 2021"]
[Site "Rabac"]
[Date "2021.04.11"]
[Round "11.7"]
[White "Jakovic, Roko"]
[Black "Birkic, Josip"]
[Result "1/2-1/2"]
[WhiteElo "1846"]
[BlackElo "1972"]
[Annotator "TA"]
[PlyCount "173"]
[EventDate "2021.04.06"]
[EventType "swiss"]
[EventCountry "CRO"]
[SourceTitle "playchess.com"]
[Source "ChessBase"]
[SourceQuality "1"]

{[%evp 17,173,-6,-2,-25,-28,-36,-33,-38,-29,-32,0,-29,31,28,28,31,30,25,25,18,42,36,43,30,66,14,33,0,0,0,0,-25,53,29,21,0,0,-25,-16,-43,-31,-73,-60,-130,-134,-146,-78,-81,-56,-87,-68,-70,-83,-77,-82,-244,-99,-73,0,0,0,0,0,0,0,0,0,0,0,0,0,0,5,0,7,0,7,0,0,0,0,0,0,0,0,0,0,0,0,0,0,0,0,0,0,0,0,0,0,0,0,0,0,0,0,0,0,0,0,0,0,0,0,0,0,0,0,0,0,-16,-16,-16,-16,-16,-16,-16,0,0,0,0,-1,-16,-16,-16,-16,-16,0,0,0,0,0,0,0,0,8,0,0,0,0,0,0,0,0,0,8,8,8,8]} 1. d4 Nf6 2. c4 e6 3. Nc3 Bb4 4. g3 c5 5. Nf3 b6 6. Bg2 Bb7 7. O-O O-O 8. a3 Bxc3 9. bxc3 d6 {[#]} 10. Re1 $146 {E21: Nimzo-Indian: 4 Nf3.} ({Predecessor:} 10. Nd2 Bxg2 11. Kxg2 Nc6 12. e3 e5 13. d5 Ne7 14. e4 Ng6 15. h4 h5 16. Qe2 Qd7 17. f3 Nh7 {0-1 (37) Vera Gajardo,J (1819)-Gonzalez,A (1745) Coronel Oviedo 2019}) 10... Nc6 11. Qd3 Na5 12. Bg5 {Black is slightly better.} Rc8 13. Nd2 {With the idea Bxb7.} Ba6 14. d5 exd5 ({Black should try} 14... h6 $11 15. Bxf6 Qxf6) 15. Bxd5 $14 {Black must now prevent Ne4.} h6 16. Bxf6 Qxf6 17. e4 (17. f4 {seems wilder.} Rcd8 18. e4 Rfe8 19. Nf3 Bc8 20. Ra2) 17... Rce8 18. f4 Kh8 19. Re2 Bc8 20. Rae1 Qd8 21. Qf3 (21. Nf3 $14) 21... Qd7 22. e5 dxe5 23. Rxe5 Rxe5 24. fxe5 Nb7 (24... Qe7 $11) 25. Ne4 Qe7 26. Nf2 Nd8 27. Nd3 Ne6 28. Nf4 Re8 29. Bxe6 Bxe6 30. Nd5 (30. Nxe6 $15 Qxe6 31. Qd5) 30... Qd7 $17 31. Qe4 Bf5 ({Black should play} 31... Rb8 32. Rf1 Qa4) 32. Qf4 Kh7 33. Rf1 Bg6 34. Re1 Qa4 35. Nc7 Re7 36. e6 $2 (36. Nd5 $17 {might work better.} Rd7 37. Qf1) 36... fxe6 (36... Qxa3 $19 {and Black stays clearly on top.} 37. Qd2 Qb3) 37. Nxe6 {[#] Threatens to win with Nf8+.} Qe8 (37... Rf7 $17 38. Qb8 Qxa3 39. Nf8+ {[#]} Rxf8 $1 40. Qxf8 Qxc3 {[%mdl 64] Double Attack}) 38. Nf8+ $11 {The position is equal.} Qxf8 $1 39. Qxf8 Rxe1+ {[%mdl 4096] Endgame KQ-KRB} 40. Kf2 Ra1 41. Qb8 (41. Qa8 {seems wilder.} Rxa3 42. h4 Rxc3 43. Qxa7 Rxc4 44. Qxb6 Rc2+ 45. Kf3) 41... Rxa3 42. h4 Rxc3 43. Qxa7 Rxc4 44. Qxb6 h5 45. Kf3 Kh6 46. Ke3 Rg4 (46... Rc3+ {keeps more tension.} 47. Kf4 Rc4+ 48. Kf3 Rc3+ 49. Kf2 Rc2+) 47. Qxc5 (47. Kf2 {is more complex.} Rc4 48. Qe6 Rc2+ 49. Kf3 Kh7 50. Kf4) 47... Rxg3+ 48. Kf2 Rg4 49. Qe7 $1 Rf4+ 50. Kg3 Re4 51. Qg5+ (51. Qd6 {looks sharper.} Kh7 52. Qd5 Rg4+ 53. Kh3 Rf4 54. Qd8) 51... Kh7 52. Qd8 Rg4+ 53. Kf2 Be4 54. Ke3 Bg6 55. Kf2 Re4 56. Qg5 Rg4 57. Qd8 Bf5 58. Qe7 Kh6 (58... Be4 {feels hotter.} 59. Ke3 Bg6 60. Kf2 Bf5 61. Kf3 Be4+) 59. Qd6+ Bg6 60. Qd2+ (60. Qf8 {seems wilder.} Kh7 61. Qe7 Bf5 62. Kf3 Be4+ 63. Kf2) 60... Kh7 61. Qd8 Rf4+ 62. Kg3 Rg4+ 63. Kf2 Be4 64. Ke3 Kg6 65. Qe8+ Kh6 $1 66. Qe6+ Bg6 67. Kf3 Rxh4 68. Qe3+ (68. Qg8 {keeps more tension.} Rh3+ 69. Kf2 Bf5 70. Qf7 Bg4 71. Qe8) 68... Kh7 {( -> ...Rh3+)} 69. Kg3 Re4 70. Qd2 Bf5 71. Qd5 Kg6 (71... Rg4+ {is interesting.} 72. Kf2 Bg6 73. Qd6 Rg5 74. Kf3 Rf5+) 72. Qd6+ Kg5 73. Qd8+ Kh6 74. Qd6+ (74. Qh8+ {seems wilder.} Kg6 75. Qf8 Re6 76. Kh4 Rf6 77. Qc5) 74... Bg6 75. Qd2+ Kh7 76. Qd5 h4+ 77. Kh3 Kh6 78. Qd2+ Kh7 79. Qd5 Rf4 80. Qg5 Rf3+ (80... Re4 {with more complications.} 81. Qd5) 81. Kh2 h3 82. Qh4+ Kg8 83. Qd8+ Kh7 84. Qh4+ Kg8 85. Qd8+ Rf8 86. Qd5+ Bf7 87. Qd6 {Weighted Error Value: White=0.16/Black=0.15} 1/2-1/2

[Event "Croatian junior league 2021"]
[Site "Rabac"]
[Date "2021.04.11"]
[Round "11.8"]
[White "Zekic, Patrik"]
[Black "Veverec, Ivo"]
[Result "1/2-1/2"]
[WhiteElo "1731"]
[BlackElo "1786"]
[Annotator "NA RC"]
[PlyCount "51"]
[EventDate "2021.04.06"]
[EventType "swiss"]
[EventCountry "CRO"]
[SourceTitle "playchess.com"]
[Source "ChessBase"]
[SourceQuality "1"]
[TimeControl "5400+30"]

1. d4 {[%emt 0:07:52]} d5 {[%emt 0:00:00]} 2. c4 {[%emt 0:00:07]} e6 {[%emt 0:00:00]} 3. cxd5 {[%emt 0:00:14]} exd5 {[%emt 0:00:00]} 4. Nc3 {[%emt 0:00:11]} c6 {[%emt 0:00:04]} 5. Qc2 {[%emt 0:05:20]} Nf6 {[%emt 0:02:41]} 6. Bg5 {[%emt 0:00:15]} h6 {[%emt 0:00:23]} 7. Bh4 {[%emt 0:00:43]} Be7 {[%emt 0:00:07]} 8. e3 {[%emt 0:00:12]} Be6 {[%emt 0:00:59]} 9. Bd3 {[%emt 0:00:19]} Nbd7 {[%emt 0:00:10]} 10. Nge2 {[%emt 0:00:12]} Nh5 {[%emt 0:02:31]} 11. Bxe7 {[%emt 0:05:31]} Qxe7 {[%emt 0:00:55]} 12. Rd1 {[%emt 0:01:04]} Nb6 {[%emt 0:07:12]} 13. Qb3 {[%emt 0:30:34]} O-O {[%emt 0:10:49]} 14. O-O {[%emt 0:05:04]} Bg4 {[%emt 0:08:17]} 15. Rc1 {[%emt 0:03:35]} Qg5 {[%emt 0:07:15]} 16. Ng3 {[%emt 0:11:03]} Nxg3 {[%emt 0:00:57]} 17. hxg3 {[%emt 0:00:03]} Bf5 {[%emt 0:01:51]} 18. Ne2 {[%emt 0:01:43]} Bxd3 {[%emt 0:01:03]} 19. Qxd3 {[%emt 0:00:03]} Nc4 {[%emt 0:00:22]} 20. b3 {[%emt 0:01:46]} Nd6 {[%emt 0:00:14]} 21. Nc3 {[%emt 0:01:51]} Rfe8 {[%emt 0:00:21]} 22. b4 {[%emt 0:03:09]} a6 {[%emt 0:04:04]} 23. a4 {[%emt 0:00:57]} b5 {[%emt 0:03:27]} 24. axb5 {[%emt 0:05:10]} axb5 {[%emt 0:00:17]} 25. Ra1 {[%emt 0:00:08]} Qe7 {[%emt 0:01:45]} 26. Ne2 {[%emt 0:06:13]} 1/2-1/2

[Event "Croatian junior league 2021"]
[Site "Rabac"]
[Date "2021.04.11"]
[Round "11.9"]
[White "Vucenovic, Damian"]
[Black "Bunic, Emanuel"]
[Result "1-0"]
[WhiteElo "2008"]
[BlackElo "1839"]
[Annotator "TA"]
[PlyCount "57"]
[EventDate "2021.04.06"]
[EventType "swiss"]
[EventCountry "CRO"]
[SourceTitle "playchess.com"]
[Source "ChessBase"]
[SourceQuality "1"]

{[%evp 12,57,12,12,12,0,6,0,12,8,14,0,0,0,3,-7,-10,-23,34,-8,-9,-13,-18,-46,-12,-28,0,0,0,0,0,-79,162,-49,0,0,412,373,598,598,662,202,622,593,515,435,2902,2479]} 1. e4 e5 2. Nf3 Nc6 3. Bc4 Bc5 4. c3 Nf6 5. d3 d6 6. Nbd2 O-O 7. O-O a5 {C54: Giuoco Piano: 4 c3 Nf6, main lines with 5 d4 and 5 d3.} 8. Bb3 h6 {now scores much better than the old 8...Be6.} 9. h3 Re8 {The position is equal.} 10. Re1 Be6 11. Nf1 Bxb3 12. Qxb3 a4 13. Qd1 {[#]} Qd7 $146 ({Predecessor:} 13... d5 14. Qe2 Nh5 15. N3h2 Nf4 16. Bxf4 exf4 17. d4 Rxe4 18. Qf3 Qe7 19. Rxe4 dxe4 20. Qxf4 {½-½ (47) Olesiak,M (2021)-Podat,V (2321) Heusenstamm 2019}) 14. Ng3 Kh7 (14... d5 $11) 15. Nh4 (15. d4 $5 {[%cal Rd4c5]} Bb6 16. Qd3 $11) 15... d5 16. Qf3 dxe4 17. dxe4 Rad8 18. Ngf5 Qd3 19. Be3 Bxe3 $1 20. Rxe3 Qc2 21. Nxh6 Qxb2 $2 {[#]} (21... Kxh6 $17 22. Nf5+ Kh7) 22. Rae1 $2 (22. Rf1 $1 $18 {Qf5+ is the strong threat.} Kxh6 23. Nf5+ Kh7 24. Qg3) 22... Qxa2 23. N6f5 $40 {[%mdl 128] Strongly threatening Qg3. White is up to no good.} Qe6 $2 {[%mdl 8192]} (23... Re6 $11 {and Black has nothing to worry.}) 24. Qg3 $18 {[%csl Gf5][%cal Rg3g7]} Nh5 (24... g6 {was worth a try.}) 25. Qg5 g6 26. Qh6+ ({Stronger than} 26. g4 Rh8 $11) 26... Kg8 {[#] With the idea ...Qf6.} 27. Rg3 $1 {[%mdl 512] White is clearly winning.} Qf6 28. Qxh5 {[%cal Rh4g6] Threatens to win with Nxg6!} a3 (28... Re6 $142 29. Ra1 b5) 29. Nxg6 {Weighted Error Value: White=0.46/Black=0.81} 1-0

[Event "Croatian junior league 2021"]
[Site "Rabac"]
[Date "2021.04.11"]
[Round "11.10"]
[White "Zadro, Matej"]
[Black "Sagovac, Kristijan"]
[Result "1-0"]
[WhiteElo "1742"]
[BlackElo "1920"]
[Annotator "TA"]
[PlyCount "55"]
[EventDate "2021.04.06"]
[EventType "swiss"]
[EventCountry "CRO"]
[SourceTitle "playchess.com"]
[Source "ChessBase"]
[SourceQuality "1"]

{[%evp 24,55,12,12,33,6,45,16,16,8,23,19,29,19,54,2,169,181,552,539,791,385,456,454,593,606,1009,1006,1381,1387,29991,29992,29994,29994]} 1. e4 c5 2. Nf3 Nc6 3. d4 cxd4 4. Nxd4 Nf6 5. Nc3 e5 6. Ndb5 d6 7. Bg5 a6 8. Na3 b5 9. Nd5 Be7 10. Bxf6 Bxf6 11. c4 b4 12. Nc2 Rb8 13. b3 g6 {B33: Sicilian: Pelikan and Sveshnikov Variations.} 14. g3 O-O 15. Bg2 Bg7 {The position is equal.} 16. O-O a5 17. Qd3 Rb7 18. Rad1 {[#]} Be6 $146 ({Predecessor:} 18... Bg4 19. Rd2 Rd7 20. Nde3 Be6 21. f4 exf4 22. gxf4 f6 23. f5 Bf7 24. fxg6 hxg6 {0-1 (37) Abdulla,M (1810)-McKay,R (2375) Glasgow 2014}) 19. f4 (19. Nde3 $14) 19... f5 $2 {[#] Black cannot hold the game after this.} (19... Nd4 $11 {and Black is okay.}) 20. Nde3 $1 $18 {Black must now prevent exf5.} Rf6 (20... Qc8 {is a better chance.} 21. Qxd6 fxe4 22. Bxe4 Rc7 23. fxe5 Re8) 21. exf5 Bd7 22. fxg6 (22. fxe5 $142 Nxe5 23. Qd5+ {[%mdl 64] Double Attack} Kh8 24. Qxb7) 22... Rxg6 23. f5 Rh6 24. Ng4 Rh5 25. Qxd6 Qb6+ 26. c5 Qb5 {[#]} 27. f6 $1 Bxg4 (27... Qxc5+ 28. Qxc5) 28. fxg7 {[%csl Gf1,Gg7][%cal Rd6f8] Weighted Error Value: White=0.38/Black=1.22} 1-0

[Event "Croatian junior league 2021"]
[Site "Rabac"]
[Date "2021.04.11"]
[Round "11.11"]
[White "Dumancic, Simun"]
[Black "Horcicka, Jan"]
[Result "1/2-1/2"]
[WhiteElo "1883"]
[BlackElo "1698"]
[Annotator "NA RC"]
[PlyCount "39"]
[EventDate "2021.04.06"]
[EventType "swiss"]
[EventCountry "CRO"]
[SourceTitle "playchess.com"]
[Source "ChessBase"]
[SourceQuality "1"]
[TimeControl "5400+30"]

1. e4 {[%emt 0:03:22]} e5 {[%emt 0:00:00]} 2. Nf3 {[%emt 0:00:36]} Nc6 {[%emt 0:00:00]} 3. Bc4 {[%emt 0:00:07]} Bc5 {[%emt 0:00:07]} 4. c3 {[%emt 0:00:53]} Nf6 {[%emt 0:00:04]} 5. d3 {[%emt 0:00:05]} O-O {[%emt 0:00:32]} 6. O-O {[%emt 0:00:21]} d6 {[%emt 0:00:17]} 7. a4 {[%emt 0:00:39]} a5 {[%emt 0:00:37]} 8. Na3 {[%emt 0:00:43]} Ne7 {[%emt 0:01:28]} 9. Nc2 {[%emt 0:02:46]} Ng6 {[%emt 0:01:24]} 10. d4 {[%emt 0:11:39]} Ba7 {[%emt 0:00:30]} 11. Re1 {[%emt 0:07:49]} Nxe4 {[%emt 0:07:34]} 12. Rxe4 {[%emt 0:01:25]} d5 {[%emt 0:00:07]} 13. Re1 {[%emt 0:00:50]} dxc4 $11 {[%emt 0:00:21]} 14. Nxe5 {[%emt 0:01:09]} Nxe5 {[%emt 0:07:25]} 15. Rxe5 {[%emt 0:00:44]} c5 {[%emt 0:00:37]} 16. d5 {[%emt 0:17:31]} Bb8 {[%emt 0:01:01]} 17. Re4 {[%emt 0:00:47]} Bf5 {[%emt 0:02:40]} 18. Rxc4 {[%emt 0:01:29]} Bxc2 {[%emt 0:00:19]} 19. Qxc2 {[%emt 0:00:04]} Qxd5 {[%emt 0:00:05]} 20. Re4 {[%emt 0:03:26]} 1/2-1/2

[Event "Croatian junior league 2021"]
[Site "Rabac"]
[Date "2021.04.11"]
[Round "11.12"]
[White "Kostic, Lovro"]
[Black "Martic, Filip"]
[Result "1-0"]
[WhiteElo "1367"]
[BlackElo "1756"]
[Annotator "NA RC"]
[PlyCount "73"]
[EventDate "2021.04.06"]
[EventType "swiss"]
[EventCountry "CRO"]
[SourceTitle "playchess.com"]
[Source "ChessBase"]
[SourceQuality "1"]
[TimeControl "5400+30"]

1. d4 {[%emt 0:00:00]} Nf6 {[%emt 0:07:11]} 2. Nf3 {[%emt 0:00:00]} g6 {[%emt 0:00:26]} 3. e3 {[%emt 0:00:00]} Bg7 {[%emt 0:00:16]} 4. Nbd2 {[%emt 0:01:00]} O-O {[%emt 0:01:28]} 5. c4 {[%emt 0:00:40]} d6 {[%emt 0:00:39]} 6. Be2 {[%emt 0:02:47]} Nc6 {[%emt 0:01:15]} 7. O-O {[%emt 0:01:00]} e5 {[%emt 0:00:12]} 8. d5 {[%emt 0:01:41]} Ne7 {[%emt 0:00:05]} 9. e4 {[%emt 0:00:53]} Nd7 {[%emt 0:01:15]} 10. b4 {[%emt 0:02:42]} a6 {[%emt 0:01:56]} 11. Qc2 {[%emt 0:02:25]} f5 {[%emt 0:02:46]} 12. Ng5 {[%emt 0:02:47]} Nf6 {[%emt 0:01:39]} 13. Ne6 {[%emt 0:01:38]} Bxe6 {[%emt 0:00:03]} 14. dxe6 {[%emt 0:00:06]} Qc8 {[%emt 0:00:51]} 15. c5 {[%emt 0:01:18]} d5 {[%emt 0:03:01]} 16. exd5 {[%emt 0:04:43]} Nfxd5 {[%emt 0:00:12]} 17. Qb3 {[%emt 0:05:40]} Qxe6 {[%emt 0:01:53]} 18. Bc4 {[%emt 0:01:27]} c6 {[%emt 0:00:07]} 19. Bb2 {[%emt 0:01:53]} e4 {[%emt 0:03:44]} 20. Rfe1 {[%emt 0:03:47]} Qd7 {[%emt 0:07:57]} 21. Rad1 {[%emt 0:04:54]} Kh8 {[%emt 0:04:57]} 22. Bxg7+ {[%emt 0:00:40]} Kxg7 {[%emt 0:00:16]} 23. Qb2+ {[%emt 0:00:32]} Rf6 {[%emt 0:01:05]} 24. Nf1 {[%emt 0:04:06]} Qc7 {[%emt 0:02:42]} 25. a4 {[%emt 0:06:02]} b5 {[%emt 0:04:23]} 26. axb5 {[%emt 0:06:21]} axb5 {[%emt 0:00:13]} 27. Ba2 {[%emt 0:04:01]} Rd8 {[%emt 0:06:41]} 28. Rd2 {[%emt 0:06:42]} Nf4 {[%emt 0:03:08]} 29. Red1 {[%emt 0:04:43]} Rxd2 {[%emt 0:00:25]} 30. Rxd2 {[%emt 0:00:40]} Nd3 {[%emt 0:01:46]} 31. Qc3 {[%emt 0:01:12]} g5 {[%emt 0:07:15]} 32. Ng3 {[%emt 0:05:51]} Kg6 {[%emt 0:00:28]} 33. Nh5 {[%emt 0:03:40]} Rf8 {[%emt 0:02:01]} 34. Qg7+ {[%emt 0:00:15]} Kxh5 {[%emt 0:00:50]} 35. Qxh7+ {[%emt 0:00:27]} Kg4 {[%emt 0:00:05]} 36. Qh3+ {[%emt 0:00:04]} Kf4 {[%emt 0:00:11]} 37. Qg3# {[%emt 0:00:04]} 1-0

[Event "Croatian junior league 2021"]
[Site "Rabac"]
[Date "2021.04.11"]
[Round "11.13"]
[White "Levacic, Matej"]
[Black "Cotic, Borna"]
[Result "1/2-1/2"]
[WhiteElo "2144"]
[BlackElo "2120"]
[Annotator "TA"]
[PlyCount "42"]
[EventDate "2021.04.06"]
[EventType "swiss"]
[EventCountry "CRO"]
[SourceTitle "playchess.com"]
[Source "ChessBase"]
[SourceQuality "1"]

{[%evp 23,27,0,0,7,4,15]} 1. d4 d5 2. c4 e6 3. Nc3 Be7 4. Nf3 Nf6 5. Bf4 O-O 6. e3 Nbd7 7. Be2 dxc4 8. O-O a6 9. a4 c5 10. dxc5 Bxc5 11. Bxc4 b6 12. Qe2 Bb7 13. Rfd1 {D37: Queen's Gambit Declined: 5 Bf4.} Qe7 14. h3 {[#] A rather calm draw. Not enough moves} {Predecessor:} Rfc8 $146 15. Rac1 Bb4 16. Na2 Bc5 17. Bb3 Rd8 18. Bc7 Rdc8 19. Bf4 Rd8 20. Bc7 Rdc8 21. Bf4 Rd8 {½-½ (21) Kazantsev,R (2421)-Panitevsky,I (2504) ICCF email 2017} 1/2-1/2

[Event "Croatian junior league 2021"]
[Site "Rabac"]
[Date "2021.04.11"]
[Round "11.14"]
[White "Simunic, Krunoslav"]
[Black "Ljubicic, Mario"]
[Result "1/2-1/2"]
[WhiteElo "1999"]
[BlackElo "2036"]
[Annotator "TA"]
[PlyCount "40"]
[EventDate "2021.04.06"]
[EventType "swiss"]
[EventCountry "CRO"]
[SourceTitle "playchess.com"]
[Source "ChessBase"]
[SourceQuality "1"]

{[%evp 23,26,0,10,-12,0]} 1. e4 e6 2. d4 d5 3. exd5 exd5 4. Nf3 Nf6 5. Bg5 Bg4 6. Bd3 Bd6 7. O-O O-O 8. c3 c6 9. Nbd2 Nbd7 10. Qc2 Qc7 11. h3 Bh5 12. Rfe1 Rfe8 13. Bxf6 {C01: French: Exchange Variation.} Nxf6 {[#] Not much happened in this game. Not enough moves} {Predecessor:} 14. Ng5 $146 Bg6 15. Bxg6 hxg6 16. Ngf3 Rad8 17. b4 Rd7 18. Rxe8+ Nxe8 19. Nb3 b6 20. Rd1 Re7 {0-1 (52) Mogollon Tobar,N (1412)-Pardo Ruiz,B (1709) Tunja 2018} 1/2-1/2